| 000 | 00531nam a2200157 a 4500 | ||
|---|---|---|---|
| 001 | 000045106 | ||
| 005 | 20201002045901.0 | ||
| 008 | 150203s19uu dr 000 0 spa d | ||
| 040 |
_aDO-SdBNP _bspa _cBNPHU |
||
| 100 | 1 |
_aCandelario Veras, Carlos _922663 |
|
| 245 | 1 | 0 |
_aRed de Clubes Juveniles : _bunidos por el desarrollo de la juventud / _cCarlos Candelario Veras. |
| 260 |
_aSanto Domingo : _bYan Impresos, _c[19uu]. |
||
| 300 |
_a60 p. ; _c21 cm. |
||
| 500 | _aUn proyecto modelo | ||
| 500 | _aIncluye datos biografícos del autor | ||
| 999 |
_c44595 _d44595 |
||